[Event "Marshall IM-B"]
[Site "New York"]
[Date "2025.05.23"]
[Round "3"]
[White "Lin, Bryan Enming"]
[Black "Mede, Istvan"]
[Result "1/2-1/2"]
[WhiteElo "2334"]
[BlackElo "2185"]
[PlyCount "45"]
[EventDate "2025.05.22"]
[EventType "tourn"]
[EventRounds "9"]
[EventCountry "USA"]
[EventCategory "1"]
[SourceTitle "CB22_2025"]
[SourceDate "2025.05.28"]
[SourceVersion "1"]
[SourceVersionDate "2025.05.28"]
[SourceQuality "1"]

1. e4 c6 2. d4 d5 3. exd5 cxd5 4. Nf3 Nc6 5. c4 Nf6 6. h3 g6 7. c5 Bg7 8. Bb5 Bd7 9. 0-0 0-0 10. Nc3 b6 11. Bf4 a6 12. Bxc6 Bxc6 13. Ne5 Rc8 14. b4 bxc5 15. bxc5 Nd7 16. Nxc6 Rxc6 17. Nxd5 Nxc5 18. dxc5 Bxa1 19. Nb4 Rf6 20. Nd5 Rf5 21. Qxa1 Qxd5 22. Bh6 Qe5 23. Qxe5 1/2-1/2

[Event "SVK-chT2C 2425"]
[Site "Slovakia"]
[Date "2024.11.09"]
[Round "1.2"]
[White "Mede, Istvan"]
[Black "Vrana, Frantisek"]
[Result "1-0"]
[WhiteElo "2150"]
[BlackElo "2112"]
[PlyCount "59"]
[EventDate "2024.11.09"]
[EventType "team-tourn"]
[EventRounds "11"]
[EventCountry "SVK"]
[SourceTitle "CB51_2024"]
[SourceDate "2024.12.18"]
[SourceVersion "1"]
[SourceVersionDate "2024.12.18"]
[SourceQuality "1"]
[WhiteTeam "Filakovo"]
[BlackTeam "Rajecke Teplice"]
[WhiteTeamCountry "SVK"]
[BlackTeamCountry "SVK"]

1. e4 e6 2. d4 d5 3. exd5 exd5 4. Nf3 Bd6 5. Bd3 Bg4 6. h3 Bh5 7. 0-0 Nc6 8. c4 dxc4 9. Bxc4 Nge7 10. Nc3 0-0 11. g4 Bg6 12. a3 h5 13. Be3 Qd7 14. Ng5 Nd8 15. gxh5 Bf5 16. Qf3 Kh8 17. Kg2 c6 18. Rad1 f6 19. Nge4 Bc7 20. Nc5 Qc8 21. Rfe1 Bh7 22. h6 g5 23. Bxg5 Nf5 24. Re8 Bg8 25. Rxf8 fxg5 26. Rxg8+ Kh7 27. Qh5 Nh4+ 28. Kf1 Qxh3+ 29. Ke2 b5 30. Rg7+ 1-0

[Event "SVK-chT2C 2324"]
[Site "Slovakia"]
[Date "2024.02.10"]
[Round "8.2"]
[White "Mede, Istvan"]
[Black "Bulej, Matej"]
[Result "1/2-1/2"]
[WhiteElo "2172"]
[BlackElo "2025"]
[PlyCount "84"]
[EventDate "2023.10.07"]
[EventType "team-tourn"]
[EventRounds "11"]
[EventCountry "SVK"]
[SourceTitle "EXT 2025"]
[Source "ChessBase"]
[SourceDate "2024.10.14"]
[SourceVersion "1"]
[SourceVersionDate "2024.10.14"]
[SourceQuality "1"]
[WhiteTeam "Filakovo"]
[BlackTeam "Cadca Caissa II"]
[WhiteTeamCountry "SVK"]
[BlackTeamCountry "SVK"]

1. e4 c6 2. d4 d5 3. Nc3 dxe4 4. Nxe4 Nf6 5. Nxf6+ exf6 6. c3 Bd6 7. Bd3 0-0 8. Qc2 h6 9. Ne2 Re8 10. 0-0 Nd7 11. Bf4 Nf8 12. Bxd6 Qxd6 13. Qd2 Ne6 14. Rae1 Bd7 15. b3 Rad8 16. Ng3 Qf4 17. Re3 Qg5 18. f4 Qa5 19. Nf5 Nc7 20. b4 Qa3 21. Nxh6+ Kf8 22. Rg3 a5 23. Nf5 Bxf5 24. Bxf5 axb4 25. cxb4 Qa7 26. Rd1 Rd5 27. Bb1 Ne6 28. Rd3 Nxd4 29. Kh1 Re2 30. Qc1 Qb6 31. Qc4 Rb2 32. a3 Qd8 33. h3 b5 34. Qc3 Rb3 35. Qe1 Rxd3 36. Rxd3 Ne6 37. Rxd5 Qxd5 38. Be4 Qc4 39. Qe3 Nd4 40. Bf3 Qf1+ 41. Kh2 Qc4 42. Be4 Ne6 1/2-1/2

[Event "New York 1000 GM Winter IM-C"]
[Site "New York"]
[Date "2024.01.15"]
[Round "8"]
[White "Ho, Carter"]
[Black "Mede, Istvan"]
[Result "1/2-1/2"]
[WhiteElo "2180"]
[BlackElo "2187"]
[PlyCount "83"]
[EventDate "2024.01.11"]
[EventType "swiss"]
[EventRounds "9"]
[EventCountry "USA"]
[SourceTitle "CBM 218 Extra"]
[Source "ChessBase"]
[SourceDate "2024.03.31"]
[SourceVersion "1"]
[SourceVersionDate "2024.03.31"]
[SourceQuality "1"]

1. e4 c6 2. d4 d5 3. e5 c5 4. Nf3 cxd4 5. Nxd4 e6 6. Bd3 Nc6 7. Nxc6 bxc6 8. Be3 Ba6 9. 0-0 Bxd3 10. Qxd3 Ne7 11. Nd2 Nf5 12. c4 Nxe3 13. Qxe3 Be7 14. Rac1 0-0 15. Nb3 Qd7 16. cxd5 cxd5 17. Rc2 h6 18. Nd4 Bd8 19. Nc6 Bb6 20. Qd3 Rac8 21. Rfc1 Rc7 22. b4 f6 23. a4 fxe5 24. a5 Bxf2+ 25. Kh1 e4 26. Qh3 Qd6 27. b5 d4 28. b6 axb6 29. axb6 Rb7 30. Na5 Rbb8 31. Rc6 Qf4 32. Qxe6+ Kh7 33. Qg6+ Kh8 34. Rc7 Qf6 35. Qxf6 gxf6 36. b7 d3 37. Rd7 d2 38. Rcc7 d1Q+ 39. Rxd1 Bb6 40. Re7 Bxa5 41. Rdd7 Rfd8 42. Rh7+ 1/2-1/2

[Event "Sunnyvale 1000 IM Winter 01"]
[Site "Sunnyvale"]
[Date "2024.01.04"]
[Round "4"]
[White "Mede, Istvan"]
[Black "Stevens, Adam B"]
[Result "1-0"]
[WhiteElo "2187"]
[BlackElo "1878"]
[PlyCount "89"]
[EventDate "2024.01.02"]
[EventType "schev"]
[EventRounds "9"]
[EventCountry "USA"]
[SourceTitle "CBM 218 Extra"]
[Source "ChessBase"]
[SourceDate "2024.03.31"]
[SourceVersion "1"]
[SourceVersionDate "2024.03.31"]
[SourceQuality "1"]

1. e4 e6 2. d4 d5 3. Nc3 Nf6 4. Bg5 dxe4 5. Nxe4 Be7 6. Bxf6 gxf6 7. Nf3 f5 8. Nc3 a6 9. Ne5 Nd7 10. Be2 Nxe5 11. dxe5 Bb4 12. Qxd8+ Kxd8 13. 0-0-0+ Ke7 14. Rd4 Bxc3 15. bxc3 f6 16. exf6+ Kxf6 17. f4 Rg8 18. g3 e5 19. fxe5+ Kxe5 20. Re1 Kf6 21. Bc4 Rf8 22. Rh4 Rh8 23. Rf4 Bd7 24. Ref1 Ke5 25. Bd3 Rae8 26. Bxf5 Bxf5 27. Rxf5+ Ke6 28. Rf7 Re7 29. R1f6+ Kd7 30. Kd2 h5 31. Rxe7+ Kxe7 32. Rf4 Rh6 33. c4 Ke6 34. Rh4 Kf5 35. g4+ Kg5 36. Rxh5+ Rxh5 37. gxh5 Kxh5 38. Kd3 Kh4 39. Kd4 Kh3 40. Kd5 Kxh2 41. Ke6 Kg3 42. Kd7 c5 43. Kc7 b5 44. Kb6 bxc4 45. Kxc5 1-0

[Event "Sunnyvale 1000 IM Winter 01"]
[Site "Sunnyvale"]
[Date "2024.01.03"]
[Round "2"]
[White "Mede, Istvan"]
[Black "Zhou, Ruoyu"]
[Result "1/2-1/2"]
[WhiteElo "2187"]
[BlackElo "2112"]
[PlyCount "89"]
[EventDate "2024.01.02"]
[EventType "schev"]
[EventRounds "9"]
[EventCountry "USA"]
[SourceTitle "CBM 218 Extra"]
[Source "ChessBase"]
[SourceDate "2024.03.31"]
[SourceVersion "1"]
[SourceVersionDate "2024.03.31"]
[SourceQuality "1"]

1. d4 d5 2. c4 e6 3. Nc3 Be7 4. cxd5 exd5 5. Bf4 Nf6 6. Qc2 c6 7. h3 Be6 8. e3 Nbd7 9. Nf3 h6 10. Bd3 Rc8 11. 0-0 0-0 12. Rad1 Re8 13. Qe2 Bf8 14. Ne5 a6 15. Bh2 Nb6 16. f4 c5 17. Rf2 cxd4 18. exd4 Bb4 19. Qf3 Bxc3 20. bxc3 Na4 21. f5 Bd7 22. c4 Nc3 23. Rc1 Nce4 24. Rb2 Bc6 25. c5 Qa5 26. Bf4 Qa4 27. Be3 Qa3 28. Qe2 Qa5 29. g4 Qc7 30. Bf4 Qd8 31. Qe1 Nd7 32. Bxe4 Nxe5 33. dxe5 dxe4 34. Rd1 Qe7 35. Rd6 Rcd8 36. f6 Qf8 37. Rbd2 Rxd6 38. Rxd6 Re6 39. Qd2 Rxd6 40. cxd6 Qd8 41. fxg7 Qh4 42. Kh2 Kxg7 43. Bg3 Qg5 44. Bf4 Qh4 45. Bg3 1/2-1/2

[Event "Sunnyvale 1000 IM Winter 12"]
[Site "Sunnyvale"]
[Date "2023.12.29"]
[Round "6"]
[White "Mede, Istvan"]
[Black "Chiang, Jacob"]
[Result "1/2-1/2"]
[WhiteElo "2173"]
[BlackElo "2200"]
[PlyCount "100"]
[EventDate "2023.12.26"]
[EventType "schev"]
[EventRounds "9"]
[EventCountry "USA"]
[SourceTitle "CBM 217 Extra"]
[Source "ChessBase"]
[SourceDate "2024.01.31"]
[SourceVersion "1"]
[SourceVersionDate "2024.01.31"]
[SourceQuality "1"]

1. e4 c5 2. Nf3 Nc6 3. d4 cxd4 4. Nxd4 Nf6 5. Nc3 d6 6. Bg5 g6 7. Bxf6 exf6 8. Bb5 Bd7 9. Bc4 Bg7 10. Nxc6 Bxc6 11. 0-0 0-0 12. Qd3 Qb6 13. Rab1 Rfe8 14. Nd5 Bxd5 15. Bxd5 Rac8 16. c4 a5 17. b4 axb4 18. a3 Re7 19. Rxb4 Qa7 20. Rfb1 Rcc7 21. Rb6 Rcd7 22. h4 Bh6 23. Qg3 Bc1 24. Rxd6 Qxa3 25. Rxd7 Rxd7 26. Qb8+ Kg7 27. Rxb7 Bd2 28. g3 Re7 29. Qc8 Qa6 30. Rb8 Qxc8 31. Rxc8 Ba5 32. Rc6 Rc7 33. Ra6 Bc3 34. Kf1 Bd4 35. Ke2 Ra7 36. Rxa7 Bxa7 37. f4 Kf8 38. g4 h6 39. f5 g5 40. hxg5 hxg5 41. Kd3 Ke7 42. Kc3 Kd6 43. Kb4 Bd4 44. Kb5 Be3 45. Bxf7 Bd4 46. Ka6 Kc5 47. Kb7 Be5 48. Bd5 Bd4 49. Kc7 Be5+ 50. Kd7 Bd4 1/2-1/2

[Event "Sunnyvale 1000 IM Winter 12"]
[Site "Sunnyvale"]
[Date "2023.12.28"]
[Round "4"]
[White "Mede, Istvan"]
[Black "Atwell, Rose"]
[Result "1/2-1/2"]
[WhiteElo "2173"]
[BlackElo "2057"]
[PlyCount "41"]
[EventDate "2023.12.26"]
[EventType "schev"]
[EventRounds "9"]
[EventCountry "USA"]
[SourceTitle "CBM 217 Extra"]
[Source "ChessBase"]
[SourceDate "2024.01.31"]
[SourceVersion "1"]
[SourceVersionDate "2024.01.31"]
[SourceQuality "1"]

1. e4 c6 2. d4 d5 3. Nc3 dxe4 4. Nxe4 Nf6 5. Nxf6+ exf6 6. c3 Bd6 7. Bd3 0-0 8. Ne2 Re8 9. 0-0 Nd7 10. Bf4 Nf8 11. Qd2 Ne6 12. Bxd6 Qxd6 13. Rfe1 Bd7 14. Ng3 Qf4 15. Re3 g6 16. Rae1 Kg7 17. Qc2 Nc7 18. Rxe8 Rxe8 19. Rxe8 Nxe8 20. h3 f5 21. Ne2 1/2-1/2

[Event "SVK-chT2C 2324"]
[Site "Slovakia"]
[Date "2023.12.02"]
[Round "5.2"]
[White "Mede, Istvan"]
[Black "Gyerpal, Adrian"]
[Result "1/2-1/2"]
[WhiteElo "2172"]
[BlackElo "2229"]
[PlyCount "39"]
[EventDate "2023.10.07"]
[EventType "team-tourn"]
[EventRounds "11"]
[EventCountry "SVK"]
[SourceTitle "EXT 2025"]
[Source "ChessBase"]
[SourceDate "2024.10.14"]
[SourceVersion "1"]
[SourceVersionDate "2024.10.14"]
[SourceQuality "1"]
[WhiteTeam "Filakovo"]
[BlackTeam "Cebovce II"]
[WhiteTeamCountry "SVK"]
[BlackTeamCountry "SVK"]

1. e4 e5 2. Nf3 Nc6 3. Bb5 a6 4. Ba4 Nf6 5. 0-0 Be7 6. d3 b5 7. Bb3 d6 8. c3 0-0 9. h3 Bb7 10. Re1 Nb8 11. a4 Nbd7 12. axb5 axb5 13. Rxa8 Qxa8 14. Na3 Bc6 15. Nc2 Nc5 16. Nb4 Bb7 17. Bc2 Ne6 18. Bb1 c5 19. Nc2 Rc8 20. Na3 1/2-1/2

[Event "HUN-chT1 Maroczy 2223"]
[Site "Hungary"]
[Date "2023.04.23"]
[Round "9.10"]
[White "Kelemen, David"]
[Black "Mede, Istvan"]
[Result "1/2-1/2"]
[WhiteElo "2117"]
[BlackElo "2183"]
[PlyCount "32"]
[EventDate "2022.11.20"]
[EventType "team-tourn"]
[EventRounds "9"]
[EventCountry "HUN"]
[SourceTitle "EXT 2025"]
[Source "ChessBase"]
[SourceDate "2024.10.14"]
[SourceVersion "1"]
[SourceVersionDate "2024.10.14"]
[SourceQuality "1"]
[WhiteTeam "Maroczy"]
[BlackTeam "Kekes"]
[WhiteTeamCountry "HUN"]
[BlackTeamCountry "HUN"]

1. e4 c6 2. d4 d5 3. Nc3 dxe4 4. Nxe4 Nf6 5. Nxf6+ exf6 6. Bf4 Bd6 7. Qd2 0-0 8. Bxd6 Re8+ 9. Ne2 Qxd6 10. 0-0-0 Nd7 11. Qf4 Qd5 12. Nc3 Qa5 13. Bc4 Nb6 14. Rhe1 Be6 15. Bxe6 fxe6 16. Qc7 Qa6 1/2-1/2

[Event "HUN-chT1 Maroczy 2223"]
[Site "Hungary"]
[Date "2023.01.29"]
[Round "4.10"]
[White "Bai, Attila"]
[Black "Mede, Istvan"]
[Result "1/2-1/2"]
[WhiteElo "2148"]
[BlackElo "2184"]
[PlyCount "62"]
[EventDate "2022.11.20"]
[EventType "team-tourn"]
[EventRounds "9"]
[EventCountry "HUN"]
[SourceTitle "EXT 2025"]
[Source "ChessBase"]
[SourceDate "2024.10.14"]
[SourceVersion "1"]
[SourceVersionDate "2024.10.14"]
[SourceQuality "1"]
[WhiteTeam "Debrecen Sakkiskola"]
[BlackTeam "Kekes"]
[WhiteTeamCountry "HUN"]
[BlackTeamCountry "HUN"]

1. d4 Nf6 2. Nf3 g6 3. Bf4 Bg7 4. Nc3 d6 5. Qd2 Bg4 6. Bh6 Bxh6 7. Qxh6 Bxf3 8. exf3 d5 9. Be2 Qd6 10. Qe3 Nbd7 11. f4 0-0 12. 0-0-0 Qe6 13. Qxe6 fxe6 14. h4 a6 15. g3 c5 16. h5 Rac8 17. hxg6 hxg6 18. a3 Kg7 19. Bf3 Rh8 20. Ne2 Kf7 21. c3 cxd4 22. Rxh8 Rxh8 23. cxd4 Rh2 24. Rf1 Ne8 25. Nc3 Nd6 26. Kc2 Nf5 27. Kd3 Nb8 28. Bg4 Nh6 29. Bf3 Nf5 30. Bg4 Nh6 31. Bf3 Nf5 1/2-1/2

[Event "SVK-chT2C 2223"]
[Site "Slovakia"]
[Date "2022.11.27"]
[Round "6.1"]
[White "Mede, Istvan"]
[Black "Turcan, Richard"]
[Result "0-1"]
[WhiteElo "2180"]
[BlackElo "2390"]
[PlyCount "67"]
[EventDate "2022.10.08"]
[EventType "team-tourn"]
[EventRounds "11"]
[EventCountry "SVK"]
[SourceTitle "EXT 2024"]
[Source "ChessBase"]
[SourceDate "2023.10.10"]
[SourceVersion "1"]
[SourceVersionDate "2023.10.10"]
[SourceQuality "1"]
[WhiteTeam "Vinica"]
[BlackTeam "Detva"]
[WhiteTeamCountry "SVK"]
[BlackTeamCountry "SVK"]

1. d4 Nf6 2. c4 c5 3. d5 e6 4. Nc3 exd5 5. cxd5 d6 6. e4 g6 7. f4 Bg7 8. Nf3 0-0 9. Be2 Re8 10. e5 dxe5 11. fxe5 Ng4 12. e6 fxe6 13. Bg5 Qb6 14. Qd2 c4 15. 0-0-0 exd5 16. Nxd5 c3 17. Nxc3 Nc6 18. Bc4+ Kh8 19. Rhe1 Bf5 20. Nh4 Nge5 21. Bf1 Bg4 22. Be2 Be6 23. Bh6 Nb4 24. Bxg7+ Kxg7 25. Kb1 Rad8 26. Qg5 Ned3 27. Rf1 Bxa2+ 28. Nxa2 Rxe2 29. Nxb4 Rxb2+ 30. Ka1 Rxb4 31. Qe7+ Kg8 32. Qf7+ Kh8 33. Qf6+ Qxf6+ 34. Rxf6 0-1

[Event "HUN-chT1 Maroczy 2223"]
[Site "Hungary"]
[Date "2022.11.20"]
[Round "1.8"]
[White "Mede, Istvan"]
[Black "Skenderovic, Nikola"]
[Result "0-1"]
[WhiteElo "2213"]
[BlackElo "2170"]
[PlyCount "68"]
[EventDate "2022.11.20"]
[EventType "team-tourn"]
[EventRounds "9"]
[EventCountry "HUN"]
[SourceTitle "EXT 2025"]
[Source "ChessBase"]
[SourceDate "2024.10.14"]
[SourceVersion "1"]
[SourceVersionDate "2024.10.14"]
[SourceQuality "1"]
[WhiteTeam "Kekes"]
[BlackTeam "Meritum Egyesulet"]
[WhiteTeamCountry "HUN"]
[BlackTeamCountry "HUN"]

1. d4 d6 2. c4 e5 3. Nf3 e4 4. Nfd2 f5 5. e3 Nf6 6. Nc3 c6 7. b3 d5 8. Bb2 a5 9. Be2 Na6 10. a3 Nc7 11. cxd5 Ncxd5 12. Nxd5 Nxd5 13. g4 Qh4 14. Nf1 Bd6 15. gxf5 0-0 16. Qd2 Bxf5 17. Ng3 Bh3 18. Rg1 Rf6 19. Qc2 Raf8 20. 0-0-0 Rxf2 21. Rde1 Rxh2 22. Nh5 g6 23. Nf4 Bxf4 24. exf4 Qxf4+ 25. Kb1 Qe3 26. Qc4 Kg7 27. Bd1 Qd2 28. Bc2 Rff2 29. Rc1 Bf5 30. Rgd1 Qxc2+ 31. Rxc2 e3 32. Rdc1 Rxc2 33. Rxc2 Rxc2 34. Qxc2 e2 0-1

[Event "Oberliga Baden 2122"]
[Site "Germany"]
[Date "2022.04.10"]
[Round "11.7"]
[White "Mede, Istvan"]
[Black "Resa, Tobias"]
[Result "1/2-1/2"]
[WhiteElo "2242"]
[BlackElo "2140"]
[PlyCount "58"]
[EventDate "2021.10.10"]
[EventType "team-tourn"]
[EventRounds "11"]
[EventCountry "GER"]
[SourceTitle "EXT 2023"]
[Source "ChessBase"]
[SourceDate "2022.10.05"]
[SourceVersion "1"]
[SourceVersionDate "2022.10.05"]
[SourceQuality "1"]
[WhiteTeam "Buchen"]
[BlackTeam "Brombach"]
[WhiteTeamCountry "GER"]
[BlackTeamCountry "GER"]

1. d4 Nf6 2. c4 g6 3. Nc3 d5 4. Nf3 Bg7 5. h4 c5 6. dxc5 Qa5 7. cxd5 Nxd5 8. Qxd5 Bxc3+ 9. Bd2 Bxd2+ 10. Qxd2 Qxd2+ 11. Kxd2 Na6 12. Rc1 Be6 13. e4 0-0-0+ 14. Ke3 Nc7 15. Bc4 f6 16. Bxe6+ Nxe6 17. b4 Kc7 18. Rhd1 Rxd1 19. Rxd1 a5 20. a3 axb4 21. axb4 Ra8 22. Rd3 Ra1 23. Nd4 Re1+ 24. Kf3 Nxd4+ 25. Rxd4 h5 26. g3 Rb1 27. Ke3 Rb3+ 28. Kd2 Rb2+ 29. Ke3 Rb3+ 1/2-1/2

[Event "HUN-chT2 Erkel 2122"]
[Site "Hungary"]
[Date "2021.10.31"]
[Round "2.7"]
[White "Todor, Sandor"]
[Black "Mede, Istvan"]
[Result "0-1"]
[WhiteElo "1824"]
[BlackElo "2234"]
[PlyCount "48"]
[EventDate "2021.10.10"]
[EventType "team-tourn"]
[EventRounds "9"]
[EventCountry "HUN"]
[SourceTitle "EXT 2025"]
[Source "ChessBase"]
[SourceDate "2024.10.14"]
[SourceVersion "1"]
[SourceVersionDate "2024.10.14"]
[SourceQuality "1"]
[WhiteTeam "Egri Bolyky"]
[BlackTeam "Kekes"]
[WhiteTeamCountry "HUN"]
[BlackTeamCountry "HUN"]

1. d4 Nf6 2. Nf3 g6 3. g3 Bg7 4. Bg2 0-0 5. 0-0 d6 6. Nc3 Nbd7 7. e4 e5 8. dxe5 dxe5 9. Bg5 h6 10. Be3 c6 11. h3 Qe7 12. a3 Nc5 13. Bxc5 Qxc5 14. Qe2 Be6 15. Rfe1 Nd7 16. Na4 Qa5 17. b3 b5 18. Nb2 c5 19. Bf1 a6 20. Kh2 Rac8 21. a4 Qc3 22. Nd1 Qxa1 23. axb5 axb5 24. Qxb5 Qa7 0-1

[Event "Verbandsliga Nordbaden 1920"]
[Site "Baden"]
[Date "2019.09.29"]
[Round "1.1"]
[White "Hacker, Jonas"]
[Black "Mede, Istvan"]
[Result "1-0"]
[WhiteElo "2370"]
[BlackElo "2256"]
[PlyCount "91"]
[EventDate "2019.09.29"]
[EventType "team-tourn"]
[EventRounds "9"]
[EventCountry "GER"]
[SourceTitle "EXT 2021"]
[Source "ChessBase"]
[SourceDate "2020.10.23"]
[SourceVersion "1"]
[SourceVersionDate "2020.10.23"]
[SourceQuality "1"]
[WhiteTeam "Eppingen II"]
[BlackTeam "Buchen II"]
[WhiteTeamCountry "GER"]
[BlackTeamCountry "GER"]

1. e4 g6 2. d4 Bg7 3. Nf3 d6 4. Nc3 Nf6 5. Be3 c6 6. h3 0-0 7. Be2 Nbd7 8. 0-0 e5 9. dxe5 dxe5 10. Qd6 Re8 11. Rfd1 Bf8 12. Qd3 Qc7 13. Bg5 Nh5 14. Qd2 Nf4 15. Bf1 h6 16. Bh4 g5 17. Bg3 Nc5 18. Nh2 Nce6 19. Ne2 Qb6 20. c3 Nc5 21. Qc2 Be6 22. Ng4 Bg7 23. Ne3 Rad8 24. b4 Ncd3 25. Nc1 Nxc1 26. Raxc1 Rxd1 27. Rxd1 Rd8 28. a3 Bf6 29. Rxd8+ Qxd8 30. Bc4 b5 31. Bxe6 fxe6 32. Kf1 h5 33. Qd1 Qxd1+ 34. Nxd1 Bd8 35. Nb2 a5 36. Bxf4 exf4 37. Nd3 axb4 38. Nxb4 c5 39. Nc6 Bb6 40. c4 b4 41. axb4 cxb4 42. Nxb4 Kf7 43. Nd3 Bc7 44. Ke2 g4 45. hxg4 hxg4 46. e5 1-0